| 000 | 01082nam a2200241Ia 4500 | ||
|---|---|---|---|
| 001 | 19565 | ||
| 003 | GE_BSU | ||
| 008 | 181216s||||||||xx |||||||||||||| ||und|| | ||
| 020 | _a9789941013140 | ||
| 040 | _cGE_BSU | ||
| 080 | _a025.3 | ||
| 245 | _aსაბიბლიოთეკო დოკუმენტების ბიბლიოგრაფიული აღწერილობა | ||
| 245 | _cშემდგ. მ. კალანდარიშვილი. რედ. ნ. ქავთარაძე. რედ. გ.თაყნიაშვილი, ლ. კაცაძე | ||
| 250 | _aსაქ. პარლამენტის ეროვნული ბიბლ-კა | ||
| 260 | _aთბილისი | ||
| 260 | _c2009 | ||
| 300 | _a130გვ. | ||
| 541 | _h4ლ.75თ. | ||
| 653 | _aბიბლიოთეკარი | ||
| 653 | _aსაბიბლიოთეკო დოკუმენტების ბიბლიოგრაფიული აღწერილობა | ||
| 653 | _aქსეროქსი | ||
| 942 | _cBK | ||
| 999 |
_c52541 _d52541 |
||